Aquinas: (Record no. 33599)
[ view plain ]
| 000 -LEADER | |
|---|---|
| fixed length control field | 00706nam a2200193Ia 4500 |
| 008 - FIXED-LENGTH DATA ELEMENTS--GENERAL INFORMATION | |
| fixed length control field | 201221s9999||||xx |||||||||||||| ||und|| |
| 041 ## - LANGUAGE CODE | |
| Language code of text/sound track or separate title | eng |
| 050 ## - LIBRARY OF CONGRESS CALL NUMBER | |
| Classification number | JC121 |
| Item number | .T43 1948 |
| 100 ## - MAIN ENTRY--PERSONAL NAME | |
| Personal name | Thomas, Aquinas Saint |
| 245 #0 - TITLE STATEMENT | |
| Title | Aquinas: |
| Remainder of title | selected political writings / |
| Statement of responsibility, etc. | Aquinas Thomas Saint; Alessandro Passerin d'Entrèves; translated by J.G. Dawson |
| 260 ## - PUBLICATION, DISTRIBUTION, ETC. | |
| Place of publication, distribution, etc. | Totowa, N.J.: |
| Name of publisher, distributor, etc. | Barnes & Noble Books, |
| Date of publication, distribution, etc. | 1948 |
| 300 ## - PHYSICAL DESCRIPTION | |
| Extent | 199 p. |
| Other physical details | ; |
| Dimensions | 21 cm. |
| 650 ## - SUBJECT ADDED ENTRY--TOPICAL TERM | |
| Topical term or geographic name entry element | Political science. |
| 650 ## - SUBJECT ADDED ENTRY--TOPICAL TERM | |
| Topical term or geographic name entry element | Thomas, -- Aquinas, Saint, -- 1225?-1274 -- Political science. |
| 650 ## - SUBJECT ADDED ENTRY--TOPICAL TERM | |
| Topical term or geographic name entry element | Thomas, -- Aquinas, Saint, -- 1225?-1274. |
| 700 ## - ADDED ENTRY--PERSONAL NAME | |
| Personal name | Dawson, J.G. |
| 700 ## - ADDED ENTRY--PERSONAL NAME | |
| Personal name | D'Entrèves, Alessandro Passerin |
| Withdrawn status | Lost status | Damaged status | Not for loan | Home library | Current library | Shelving location | Date acquired | Total Checkouts | Full call number | Barcode | Date last seen | Price effective from | Koha item type |
|---|---|---|---|---|---|---|---|---|---|---|---|---|---|
| GETS Theological Seminary Library | GETS Theological Seminary Library | General Stacks | 12/21/2020 | JC121 .T43 1948 | 00021436 | 12/21/2020 | 12/21/2020 | English Books |